<?xml version="1.0" encoding="UTF-8"?>
<record
    xmlns:xsi="http://www.w3.org/2001/XMLSchema-instance"
    xsi:schemaLocation="http://www.loc.gov/MARC21/slim http://www.loc.gov/standards/marcxml/schema/MARC21slim.xsd"
    xmlns="http://www.loc.gov/MARC21/slim">

  <leader>01040nam a22002537a 4500</leader>
  <controlfield tag="005">20240530110926.0</controlfield>
  <controlfield tag="008">160203s2013    ua     g b    000 0 ara d</controlfield>
  <datafield tag="017" ind1=" " ind2=" ">
    <subfield code="a">2009/22011</subfield>
    <subfield code="b">&#x645;&#x635;&#x631; . &#x62F;&#x627;&#x631; &#x627;&#x644;&#x643;&#x62A;&#x628; &#x627;&#x644;&#x645;&#x635;&#x631;&#x64A;&#x629;</subfield>
  </datafield>
  <datafield tag="020" ind1=" " ind2=" ">
    <subfield code="a">9789774796976</subfield>
  </datafield>
  <datafield tag="040" ind1=" " ind2=" ">
    <subfield code="a">EG-CaGPL</subfield>
  </datafield>
  <datafield tag="082" ind1="0" ind2="4">
    <subfield code="2">21</subfield>
    <subfield code="a">347.07\</subfield>
    <subfield code="b">&#x631; &#x645;</subfield>
  </datafield>
  <datafield tag="100" ind1="0" ind2=" ">
    <subfield code="a">&#x631;&#x645;&#x633;&#x64A;&#x633; &#x639;&#x648;&#x636;</subfield>
  </datafield>
  <datafield tag="245" ind1="0" ind2="0">
    <subfield code="a">&#x645;&#x62D;&#x627;&#x643;&#x645;&#x627;&#x62A; &#x641;&#x646;&#x64A;&#x629; &#x648;&#x627;&#x62F;&#x628;&#x64A;&#x629; &#x648;&#x641;&#x643;&#x631;&#x64A;&#x629; :</subfield>
    <subfield code="b">&#x645;&#x62D;&#x627;&#x636;&#x631; &#x62A;&#x62D;&#x642;&#x64A;&#x642; &#x627;&#x645;&#x627;&#x645; &#x644;&#x62C;&#x627;&#x646; &#x62A;&#x62D;&#x642;&#x64A;&#x642; &#x627;&#x645;&#x631;&#x64A;&#x643;&#x64A;&#x629; &#x648;&#x62B;&#x627;&#x626;&#x642; &#x645;&#x62E;&#x62A;&#x627;&#x631;&#x629; /</subfield>
    <subfield code="c">&#x631;&#x645;&#x633;&#x64A;&#x633; &#x639;&#x648;&#x636;</subfield>
  </datafield>
  <datafield tag="260" ind1=" " ind2=" ">
    <subfield code="a">&#x627;&#x644;&#x642;&#x627;&#x647;&#x631;&#x629; :</subfield>
    <subfield code="b">&#x627;&#x644;&#x645;&#x631;&#x643;&#x632; &#x627;&#x644;&#x642;&#x648;&#x645;&#x649; &#x644;&#x644;&#x62A;&#x631;&#x62C;&#x645;&#x629; &#x60C;</subfield>
    <subfield code="c">2010 .</subfield>
  </datafield>
  <datafield tag="300" ind1=" " ind2=" ">
    <subfield code="a">2 &#x62C;&#x632;&#x621; &#x61B;</subfield>
    <subfield code="c">24 &#x633;&#x645; .</subfield>
  </datafield>
  <datafield tag="490" ind1="0" ind2=" ">
    <subfield code="a">&#x627;&#x644;&#x645;&#x634;&#x631;&#x648;&#x639; &#x627;&#x644;&#x642;&#x648;&#x645;&#x649; &#x644;&#x644;&#x62A;&#x631;&#x62C;&#x645;&#x629; &#x61B;</subfield>
    <subfield code="v">1442</subfield>
  </datafield>
  <datafield tag="504" ind1=" " ind2=" ">
    <subfield code="a">&#x64A;&#x634;&#x62A;&#x645;&#x644; &#x639;&#x644;&#x649; &#x627;&#x631;&#x62C;&#x627;&#x639;&#x627;&#x62A; &#x628;&#x628;&#x644;&#x64A;&#x648;&#x62C;&#x631;&#x627;&#x641;&#x64A;&#x629;</subfield>
  </datafield>
  <datafield tag="650" ind1="0" ind2="4">
    <subfield code="a">&#x62D;&#x631;&#x64A;&#x629; &#x627;&#x644;&#x62A;&#x639;&#x628;&#x64A;&#x631;</subfield>
  </datafield>
  <datafield tag="650" ind1="0" ind2="4">
    <subfield code="a">&#x627;&#x644;&#x645;&#x62D;&#x627;&#x643;&#x645;&#x627;&#x62A; &#x627;&#x644;&#x641;&#x646;&#x64A;&#x629;</subfield>
  </datafield>
  <datafield tag="650" ind1="0" ind2="4">
    <subfield code="a">&#x627;&#x644;&#x645;&#x62D;&#x627;&#x643;&#x645;&#x627;&#x62A; &#x627;&#x644;&#x627;&#x62F;&#x628;&#x64A;&#x629; </subfield>
  </datafield>
  <datafield tag="700" ind1="1" ind2=" ">
    <subfield code="a">&#x631;&#x645;&#x633;&#x64A;&#x633; &#x639;&#x648;&#x636; </subfield>
    <subfield code="e">&#x645;&#x62A;&#x631;&#x62C;&#x645;</subfield>
  </datafield>
  <datafield tag="942" ind1=" " ind2=" ">
    <subfield code="2">ddc</subfield>
    <subfield code="c">BK</subfield>
  </datafield>
  <datafield tag="999" ind1=" " ind2=" ">
    <subfield code="c">66573</subfield>
    <subfield code="d">66573</subfield>
  </datafield>
  <datafield tag="952" ind1=" " ind2=" ">
    <subfield code="0">0</subfield>
    <subfield code="1">0</subfield>
    <subfield code="4">0</subfield>
    <subfield code="7">0</subfield>
    <subfield code="a">CAI</subfield>
    <subfield code="b">CAI</subfield>
    <subfield code="d">2022-08-07</subfield>
    <subfield code="l">0</subfield>
    <subfield code="o">347.07\ &#x631; &#x645;</subfield>
    <subfield code="p">168189</subfield>
    <subfield code="r">2022-08-07 00:00:00</subfield>
    <subfield code="w">2022-08-07</subfield>
    <subfield code="y">BK</subfield>
  </datafield>
  <datafield tag="952" ind1=" " ind2=" ">
    <subfield code="0">0</subfield>
    <subfield code="1">0</subfield>
    <subfield code="4">0</subfield>
    <subfield code="7">0</subfield>
    <subfield code="a">CAI</subfield>
    <subfield code="b">CAI</subfield>
    <subfield code="d">2022-08-07</subfield>
    <subfield code="l">0</subfield>
    <subfield code="o">347.07\ &#x631; &#x645;</subfield>
    <subfield code="p">168190</subfield>
    <subfield code="r">2022-08-07 00:00:00</subfield>
    <subfield code="w">2022-08-07</subfield>
    <subfield code="y">BK</subfield>
  </datafield>
</record>
